Understanding arthritis and rheumatism (Record no. 34228)

MARC details
000 -LEADER
fixed length control field 00347nam a2200133Ia 4500
082 ## - DEWEY DECIMAL CLASSIFICATION NUMBER
Classification number 616.72-002
Item number JAY
100 ## - MAIN ENTRY--AUTHOR NAME
Personal name Dixon, Allan J
245 #0 - TITLE STATEMENT
Title Understanding arthritis and rheumatism
260 ## - PUBLICATION, DISTRIBUTION, ETC. (IMPRINT)
Place of publication New York
Name of publisher Random
Year of publication 1974
650 ## - SUBJECT ADDED ENTRY--TOPICAL TERM
Topical Term Arthritis
700 ## - ADDED ENTRY--PERSONAL NAME
Personal name Jayson, Malcolm I V
942 ## - ADDED ENTRY ELEMENTS (KOHA)
Koha item type Books
Holdings
Withdrawn status Lost status Damaged status Not for loan Home library Current library Date acquired Cost, normal purchase price Full call number Accession Number Koha item type
        RRII Library RRII Library 16/12/2021 69.15 616.72-002 JAY 14667 Books